Catalog

Record Details

Catalog Search



Studying is hard  Cover Image Book Book

Studying is hard / Jennifer Moore-Mallinos ; illustrated by Gustavo Mazali.

Moore-Mallinos, Jennifer. (Author). Mazali, Gustavo, (illustrator.).

Summary:

A boy learns that studying is hard, but when you can make studying fun, learning is easy.

Record details

  • ISBN: 9781438003504
  • ISBN: 1438003501
  • Physical Description: 31 pages : color illustrations ; 24 cm.
  • Edition: 1st ed.
  • Publisher: Hauppauge, NY : Barron's, 2013, c2012.
Subject: Study skills > Juvenile fiction.

Available copies

  • 1 of 1 copy available at scottsboropl.

Holds

  • 0 current holds with 1 total copy.
Show Only Available Copies
Location Call Number / Copy Notes Barcode Shelving Location Status Due Date
scottsboropl E Moo 32269000956048 Juvenile - Easy Available -

LDR 01072nam a2200301Ia 4500
001138629
003CONS
00520150318095709.0
008130217t20132012nyua j 000 1 eng d
010 . ‡a 2013931784
020 . ‡a9781438003504
020 . ‡a1438003501
035 . ‡a(CPomAG)LMN587584
05000. ‡aPZ7.M788156 ‡bSt 2013
050 4. ‡aLB1602 ‡b.M66 2013
08200. ‡a[Fic] ‡223
1001 . ‡aMoore-Mallinos, Jennifer.
24510. ‡aStudying is hard / ‡cJennifer Moore-Mallinos ; illustrated by Gustavo Mazali.
250 . ‡a1st ed.
260 . ‡aHauppauge, NY : ‡bBarron's, ‡c2013, c2012.
300 . ‡a31 pages : ‡bcolor illustrations ; ‡c24 cm.
4901 . ‡aLife lessons
520 . ‡aA boy learns that studying is hard, but when you can make studying fun, learning is easy.
650 0. ‡aStudy skills ‡vJuvenile fiction.
7001 . ‡aMazali, Gustavo, ‡eillustrator.
8001 . ‡aMoore-Mallinos, Jennifer. ‡tLife lessons.
959 . ‡i32269000956048 ‡lE Moo ‡aJuvenile - Easy ‡tEasy ‡g19.00
852 . ‡p32269000956048 ‡jE Moo ‡gJuvenile - Easy ‡cEasy ‡y19.00 ‡bSBPL
901 . ‡a138629 ‡bUnknown ‡c138629 ‡tbiblio

Additional Resources